Países más Odiados del Mundo - Estadísticas

Estadísticas generales
  • Esta prueba ha sido intentada 191 veces
  • La puntuación promedio es 22 de 29
Estadísticas de respuestas
Continente País % Correcto
Norteamérica Estados Unidos
98%
Eurasia Rusia
96%
Asia China
95%
Asia Corea del Norte
93%
Sudamérica Argentina
89%
Asia Japón
89%
Norteamérica México
88%
Eurasia Turquía
88%
Europa Alemania
87%
Asia India
86%
Asia Israel
86%
Europa Reino Unido
86%
Asia Corea del Sur
83%
Oceanía Australia
82%
Asia Irak
82%
Asia Irán
81%
Europa Italia
80%
Asia Arabia Saudita
78%
Asia Afganistán
77%
Asia Pakistán
77%
Asia Siria
70%
Asia Indonesia
67%
África Argelia
62%
Asia Catar
59%
Europa Rumania
59%
Asia Filipinas
57%
África Nigeria
57%
África Somalia
52%
Europa Ciudad del Vaticano
39%
No se encontraron pruebas coincidentes
Distribución de puntuación
Porcentaje de gente con cada puntuación
Porcentaje por número respondido
Historial de tus puntuaciones
No has intentado esta prueba.